000 00303nam a2200133Ia 4500
005 20251222140055.0
008 251222s1900||||xx |||||||||||||| ||spa||
020 _a8474903009
082 _a219.3/N49
100 _aNewman, John Henry
245 0 _aLa Fe y la Razón
264 _bEncuentro
942 _cLIB
999 _c3721
_d3721